000 00982nam a22003011a 4500
001 22443
003 SK-KTurca
005 20260328120854.0
008 090726s1981 xo r 000 f slo d
035 _a(SVKBBclas03)vtls000170212
040 _aSVKBB
_bslo
_cSVKBB
_eAACR2
041 1 _aslo
_hfre
080 _a821.133.1-31
080 _a(0:82-31)
100 1 _aGamarra, Pierre,
_d1919-2009
245 1 0 _a72 sĺnk
_cPierre Gamarra ; z franc. orig. prel. Jozef Mruškovič ; dosl. nap. Miloš Tomčík
246 1 3 _aSedemdesiatdva sĺnk
250 _a1. vyd.
260 _aBratislava
_bSlovenský spisovateľ
_c1981
300 _a341 s.
490 1 _aSpolok priateľov krásnych kníh
_vzv. 386
655 7 _afrancúzske romány
_2SVKBBPH
700 1 _aMruškovič, Jozef
_4trl
700 1 _aTomčík, Miloš,
_d1922-2009
_4aft
830 0 _aSpolok priateľov krásnych kníh
_vzv. 386
942 _2ddc
_cKLDO
_n0
999 _c22443
_d22443